00651nam a2200265Ia 4500008004000000020001800040041000800058082001700066100002300083245008900106260004800195300001300243650001200256650000800268650001000276650000700286650001100293650000700304650001700311650001300328650001100341650001500352650001000367650000800377210210b2010 xxu||||| |||| 00| 0 eng d a9780521193856 aeng a954.064 LAVA aLAVOY (Peter R) Ed aAsymmetric warfare in South Asia: the causes and consequences of the Kargil conflict aCambridgebCambridge University Pressc2010 axvii,407 awarfare athe aSouth aof aKargil ain aconsequences aconflict acauses aAsymmetric aAsia: aand